<?xml version="1.0" encoding="UTF-8"?><?xml-stylesheet type="text/xsl" href="static/style.xsl"?><OAI-PMH xmlns="http://www.openarchives.org/OAI/2.0/" xmlns:xsi="http://www.w3.org/2001/XMLSchema-instance" xsi:schemaLocation="http://www.openarchives.org/OAI/2.0/ http://www.openarchives.org/OAI/2.0/OAI-PMH.xsd"><responseDate>2026-04-14T02:24:30Z</responseDate><request verb="GetRecord" identifier="oai:www.recercat.cat:20.500.14342/3938" metadataPrefix="marc">https://recercat.cat/oai/request</request><GetRecord><record><header><identifier>oai:recercat.cat:20.500.14342/3938</identifier><datestamp>2025-03-12T20:47:43Z</datestamp><setSpec>com_2072_482406</setSpec><setSpec>com_2072_183628</setSpec><setSpec>col_2072_482423</setSpec></header><metadata><record xmlns="http://www.loc.gov/MARC21/slim" xmlns:dcterms="http://purl.org/dc/terms/" xmlns:xsi="http://www.w3.org/2001/XMLSchema-instance" xmlns:doc="http://www.lyncode.com/xoai" xsi:schemaLocation="http://www.loc.gov/MARC21/slim http://www.loc.gov/standards/marcxml/schema/MARC21slim.xsd">
   <leader>00925njm 22002777a 4500</leader>
   <datafield ind2=" " ind1=" " tag="042">
      <subfield code="a">dc</subfield>
   </datafield>
   <datafield ind2=" " ind1=" " tag="720">
      <subfield code="a">Boadas Comadira, Maria</subfield>
      <subfield code="e">author</subfield>
   </datafield>
   <datafield ind2=" " ind1=" " tag="260">
      <subfield code="c">2024</subfield>
   </datafield>
   <datafield ind2=" " ind1=" " tag="520">
      <subfield code="a">Las personas con trastornos por consumo de sustancias a menudo utilizan las drogas&#xd;
como mecanismo para reducir estados emocionales adversos o intensificar emociones&#xd;
placenteras. Por ende, el adecuado manejo de las emociones podría prevenir este&#xd;
consumo como estrategia de regulación emocional. El presente trabajo se centró en&#xd;
diseñar, aplicar y evaluar un programa de intervención en inteligencia emocional para&#xd;
un grupo de personas con adicción a sustancias en el Centro de Atención y Seguimiento&#xd;
a las Drogodependencias (CAS) Garbivent. El programa tenía como objetivo fortalecer&#xd;
las habilidades de inteligencia emocional, específicamente la atención, claridad y&#xd;
reparación emocional; así como la mejora de la gestión del craving y la consolidación&#xd;
de la abstinencia. Los resultados indicaron una leve mejora en la claridad y reparación&#xd;
emocional tras la intervención, aunque, no se evidenciaron mejoras en la atención&#xd;
emocional. Para evaluar la eficacia en la prevención de recaídas y el mantenimiento de&#xd;
la abstinencia, se administró un cuestionario de satisfacción. Las respuestas reflejaron&#xd;
una percepción positiva por parte de los participantes sobre la utilidad y beneficios del&#xd;
programa en términos de abstinencia y prevención de recaídas.</subfield>
   </datafield>
   <datafield ind2=" " ind1=" " tag="520">
      <subfield code="a">People with substance use disorders often use drugs as a mechanism to reduce adverse&#xd;
emotional states or intensify pleasurable emotions. Therefore, the appropriate&#xd;
management of emotions could prevent this use as a strategy for emotional regulation.&#xd;
The present work focused on designing, implementing and evaluating an emotional&#xd;
intelligence intervention programme for a group of people with substance addiction at&#xd;
the Garbivent centre for attention and monitoring drug addiction. The programme aimed&#xd;
to strengthen emotional intelligence skills, specifically attention, clarity and emotional&#xd;
2&#xd;
repair, as well as to improve craving management and the consolidation of abstinence.&#xd;
Results indicated a slight improvement in emotional clarity and repair following the&#xd;
intervention, although no improvement in emotional attention was evident. To assess&#xd;
efficacy in relapse prevention and maintenance of abstinence, a satisfaction&#xd;
questionnaire was administered. The responses reflected a positive perception by the&#xd;
participants of the usefulness and benefits of the programme in terms of abstinence and&#xd;
relapse prevention.</subfield>
   </datafield>
   <datafield ind1="8" ind2=" " tag="024">
      <subfield code="a">http://hdl.handle.net/20.500.14342/3938</subfield>
   </datafield>
   <datafield tag="653" ind2=" " ind1=" ">
      <subfield code="a">Psicologia clínica -- TFM</subfield>
   </datafield>
   <datafield tag="653" ind2=" " ind1=" ">
      <subfield code="a">Intel·ligència emocional -- TFM</subfield>
   </datafield>
   <datafield tag="653" ind2=" " ind1=" ">
      <subfield code="a">Dependència (Psicologia) -- TFM</subfield>
   </datafield>
   <datafield ind2="0" ind1="0" tag="245">
      <subfield code="a">Diseño y aplicación de un Programa de Inteligencia Emocional para  personas adictas a sustancias</subfield>
   </datafield>
</record></metadata></record></GetRecord></OAI-PMH>